000 00494nam a2200193 a 4500
001 1769935627815
003 YourLibrary
005 20260201143129.0
008 260201s2009##################000#0#eng##
020 _a9780300127300
082 0 4 _a332.494
_bMAR
100 1 _aMarsh, David,
_eauthor.
245 1 0 _aThe Euro :
260 _bYale University Press,
_c2009.
300 _a361 pages
650 0 _aBusiness & Economics.
942 _cENGLISH
040 _aYourLibrary
_beng
_cYourLibrary
999 _c609708
_d609708